[Event "Berlin op 09"]
[Site "Berlin"]
[Date "2005.09.19"]
[Round "3"]
[White "Derz, Claus"]
[Black "Fuchs, Joerg"]
[Result "0-1"]
[WhiteElo "1673"]
[BlackElo "1609"]
[PlyCount "74"]
[EventDate "2005.09.05"]
[EventType "swiss"]
[EventRounds "7"]
[EventCountry "GER"]
[SourceTitle "EXT 2007"]
[Source "ChessBase"]
[SourceDate "2006.11.23"]
[SourceVersion "1"]
[SourceVersionDate "2006.11.23"]
[SourceQuality "1"]

1. d4 f5 2. Bg5 Nf6 3. e3 d5 4. Bxf6 exf6 5. c4 Bb4+ 6. Nc3 0-0 7. Qb3 Bxc3+ 8. bxc3 dxc4 9. Bxc4+ Kh8 10. Ne2 Nd7 11. Nf4 Nb6 12. Bd3 Qe7 13. 0-0 c6 14. c4 g5 15. Ne2 Be6 16. Qc2 Qd7 17. a4 Rg8 18. f4 Rg6 19. Ng3 Rag8 20. a5 Nc8 21. fxg5 Rxg5 22. Bxf5 h5 23. Rf2 Nd6 24. Bd3 h4 25. Ne4 Nxe4 26. Bxe4 Qg7 27. Ra2 h3 28. g3 f5 29. Bf3 f4 30. exf4 Bf5 31. Be4 Rxg3+ 32. hxg3 Qxg3+ 33. Kf1 Qg1+ 34. Ke2 Re8 35. Rf1 Qg4+ 36. Kd2 Rxe4 37. Qd1 Rxd4+ 0-1

[Event "Berlin op 10"]
[Site "Berlin"]
[Date "2003.11.17"]
[Round "6"]
[White "Derz, Claus"]
[Black "Giese, Reinhard"]
[Result "0-1"]
[WhiteElo "1684"]
[BlackElo "2144"]
[PlyCount "70"]
[EventDate "2003.10.13"]
[EventType "swiss"]
[EventRounds "7"]
[EventCountry "GER"]
[SourceTitle "EXT 2007"]
[Source "ChessBase"]
[SourceDate "2006.11.23"]
[SourceVersion "1"]
[SourceVersionDate "2006.11.23"]
[SourceQuality "1"]

1. e4 c5 2. Nf3 Nc6 3. d4 cxd4 4. Nxd4 g6 5. c4 Bg7 6. Be3 Nh6 7. Be2 d6 8. f3 f5 9. 0-0 0-0 10. Qd2 f4 11. Bf2 g5 12. Nxc6 bxc6 13. Bd4 Nf7 14. Bxg7 Kxg7 15. Qd4+ e5 16. Qd2 Qb6+ 17. Kh1 Rb8 18. b3 Qd4 19. Qc3 h5 20. Rd1 Qc5 21. Qe1 Be6 22. Nc3 Qb6 23. Rd3 c5 24. Rad1 a6 25. Na4 Qc7 26. R1d2 Rh8 27. Qd1 Qe7 28. Nc3 Rh6 29. Nd5 Qd8 30. Qa1 Rg6 31. Qe1 g4 32. Nc3 Qe7 33. Nd5 Qd8 34. Nc3 g3 35. Bf1 Qh4 0-1

[Event "Berlin op 10"]
[Site "Berlin"]
[Date "2003.10.13"]
[Round "1"]
[White "Derz, Claus"]
[Black "Schulz, Michael"]
[Result "0-1"]
[WhiteElo "1684"]
[BlackElo "2217"]
[PlyCount "86"]
[EventDate "2003.10.13"]
[EventType "swiss"]
[EventRounds "7"]
[EventCountry "GER"]
[SourceTitle "EXT 2007"]
[Source "ChessBase"]
[SourceDate "2006.11.23"]
[SourceVersion "1"]
[SourceVersionDate "2006.11.23"]
[SourceQuality "1"]

1. d4 Nf6 2. c4 c5 3. d5 e6 4. Nc3 exd5 5. cxd5 d6 6. g3 g6 7. Bg2 Bg7 8. Nf3 0-0 9. 0-0 a6 10. a4 Bg4 11. h3 Bxf3 12. Bxf3 Nbd7 13. Bf4 Qc7 14. Qc2 Rfe8 15. Rfe1 Rab8 16. a5 Ne5 17. Bxe5 Rxe5 18. e4 Nd7 19. Bg2 b5 20. axb6 Rxb6 21. Nd1 Re8 22. Ra2 Reb8 23. Re2 Qb7 24. Qa4 Ne5 25. Qc2 Rb3 26. Re3 c4 27. Bf1 Nf3+ 28. Kh1 Bd4 29. Bxc4 Qc8 30. g4 Rxe3 31. fxe3 Be5 32. b3 h5 33. Qg2 hxg4 34. Qxg4 Qxg4 35. hxg4 Kg7 36. Kg2 Ng5 37. Rxa6 Rh8 38. Nf2 Rh2+ 39. Kf1 Bg3 40. Nd3 Nxe4 41. Kg1 Nd2 42. Nf4 Nf3+ 43. Kf1 Rf2# 0-1

[Event "Berlin Eckbauer op 5th"]
[Site "Berlin"]
[Date "2002.10.14"]
[Round "2"]
[White "Derz, Claus"]
[Black "Berg, Gerd"]
[Result "1-0"]
[WhiteElo "1707"]
[BlackElo "1522"]
[PlyCount "101"]
[EventDate "2002.10.??"]
[EventType "swiss"]
[EventRounds "7"]
[EventCountry "GER"]
[SourceTitle "EXT 2005"]
[Source "ChessBase"]
[SourceDate "2004.11.15"]
[SourceVersion "1"]
[SourceVersionDate "2004.11.15"]
[SourceQuality "1"]

1. d4 Nf6 2. c4 e6 3. Nc3 Bb4 4. a3 Bxc3+ 5. bxc3 c5 6. f3 Qc7 7. e4 d6 8. Bd3 0-0 9. Ne2 Nc6 10. d5 Ne5 11. 0-0 a6 12. a4 Bd7 13. Bf4 Nxd3 14. Qxd3 e5 15. Bd2 h5 16. Rfb1 h4 17. Bg5 Nh7 18. Be7 Rfe8 19. Bxh4 g5 20. Bf2 f6 21. a5 Rf8 22. g4 Rf7 23. Rb6 Nf8 24. Rab1 Bc8 25. Ng3 Ng6 26. Nh5 Qe7 27. Qd2 Nf4 28. Ng3 Rh7 29. Be3 Rh3 30. Qf2 Rh7 31. Bxf4 exf4 32. Nf5 Bxf5 33. exf5 Qe5 34. Qd2 Re8 35. Rxb7 Rxb7 36. Rxb7 Qe3+ 37. Qxe3 Rxe3 38. Rb6 Rxf3 39. Rxd6 Rxc3 40. Rxa6 Rxc4 41. Rc6 f3 42. Kf2 Rxg4 43. Rxc5 Rf4 44. d6 Kf7 45. Rc7+ Ke8 46. a6 g4 47. a7 Ra4 48. Rc8+ Kd7 49. a8Q Rxa8 50. Rxa8 Kxd6 51. Ra4 1-0

[Event "Berlin Casino sim"]
[Site "Berlin"]
[Date "2001.11.10"]
[Round "?"]
[White "Kortschnoj, Viktor Lvovich"]
[Black "Derz, Claus"]
[Result "1-0"]
[WhiteElo "2617"]
[BlackElo "1618"]
[PlyCount "79"]
[EventDate "2001.11.10"]
[EventType "simul"]
[EventRounds "1"]
[EventCountry "GER"]
[SourceTitle "EXT 2008"]
[Source "ChessBase"]
[SourceDate "2007.11.25"]
[SourceVersion "1"]
[SourceVersionDate "2007.11.25"]
[SourceQuality "1"]

1. d4 d5 2. c4 c6 3. Nf3 Nf6 4. e3 e6 5. Bd3 Nbd7 6. 0-0 Be7 7. Nc3 dxc4 8. Bxc4 0-0 9. e4 h6 10. Qe2 Nb6 11. Bd3 c5 12. e5 Nfd5 13. Qe4 f5 14. exf6 Nxf6 15. Qg6 Qe8 16. Qg3 Nh5 17. Qe5 cxd4 18. Nxd4 Qf7 19. Qe4 Nf6 20. Qe2 Qh5 21. Qxh5 Nxh5 22. Bc2 g5 23. Bb3 Ng7 24. Re1 Rf6 25. Re4 Bd7 26. Bd2 Raf8 27. Rf1 Bd6 28. f3 Kh8 29. Rfe1 Re8 30. Kh1 a6 31. h4 gxh4 32. Nce2 h3 33. Rh4 hxg2+ 34. Kxg2 Rg6+ 35. Kf2 Rf8 36. Bxh6 Kg8 37. Rd1 Bc5 38. Rg1 Bd6 39. Rhh1 Nf5 40. Bxf8 1-0

[Event "Berlin op 10"]
[Site "Berlin"]
[Date "2000.11.20"]
[Round "6"]
[White "Von Loehneysen, Leonard"]
[Black "Derz, Claus"]
[Result "1-0"]
[WhiteElo "1923"]
[BlackElo "1580"]
[PlyCount "117"]
[EventDate "2000.10.16"]
[EventType "swiss"]
[EventRounds "7"]
[EventCountry "GER"]
[SourceTitle "EXT 2007"]
[Source "ChessBase"]
[SourceDate "2006.11.23"]
[SourceVersion "1"]
[SourceVersionDate "2006.11.23"]
[SourceQuality "1"]

1. c4 e5 2. Nc3 Nf6 3. Nf3 Nc6 4. g3 Bc5 5. Bg2 d6 6. e3 Bg4 7. h3 Bf5 8. a3 a6 9. d4 exd4 10. exd4 Ba7 11. 0-0 0-0 12. Be3 Ne7 13. Bg5 Nd7 14. Nh4 f6 15. Be3 c6 16. Ne4 Bxe4 17. Bxe4 f5 18. Bg2 Ng6 19. Nxg6 hxg6 20. Qb3 Qb6 21. Qd3 Qd8 22. b4 Rc8 23. b5 Nf6 24. a4 d5 25. bxa6 bxa6 26. cxd5 cxd5 27. Qxa6 Qd7 28. Qb5 Qxb5 29. axb5 Bb6 30. Ra6 Rb8 31. Rc1 Bd8 32. Bf1 Kh7 33. Bf4 Rb6 34. Rxb6 Bxb6 35. Bd6 Re8 36. Bc5 Ba5 37. b6 Ne4 38. b7 Rb8 39. Ba6 Nc3 40. Bd6 Rxb7 41. Bxb7 Ne2+ 42. Kf1 Nxc1 43. Bxd5 Nd3 44. Bc4 Nb4 45. d5 Nc2 46. Bc5 Bc3 47. d6 Nd4 48. d7 Nc6 49. Bd5 Nd8 50. h4 Bf6 51. f3 g5 52. hxg5 Bxg5 53. Ke2 Bf6 54. Ke3 Bg5+ 55. Kd4 Bf6+ 56. Kc4 Be5 57. Be7 Bc7 58. Kc5 g6 59. Bd6 1-0